000 00806nam a22002657a 4500
003 OSt
005 20260601171014.0
008 260505b1964\\\\xxu\||||\||||\00|\0\eng\d
020 _a9780451163936
040 _aICI
_bspa
_cICI
_erda
041 _aeng
050 _aBJ1470.5
_bR36
100 _aRand, Ayn ,
_eautor
_933564
245 1 _aThe virtue of selfishness :
_bA new concept of egoism
_cRand , Ayn,
264 _aEstados Unidos :
_bPenguin books ,
_c1964
300 _a173 páginas
336 _2rdacontent
_atexto
337 _2rdamedia
_asin medio
338 _2rdacarrier
_avolumen
650 _aÉtica individualista.
_933565
650 _aEgoísmo.
_933566
650 _aObjetivismo (Filosofía).
_933567
700 _aBranden, Nathaniel,
_eartículos adicionales
_933568
942 _2ddc
_n1
_cB
999 _c20609
_d20609